1578 1528 1404 1184 1362 1113 1019 1394 1439 1247 1662 1449 1368 1426 1846 1772 1992 1535 1958 1869 1240 1459 1790 1601 1735 1356 1727 1854 1474 1465 1446 1745 1538 1835 1999 1816 1685 1498 1129 1703 1947 1261 1865 1768 1396 1659 1470 1280 1683 1503 1818 1920 1594 1977 1516 1587 1740 1136 1964 1944 1136 1201 1005 1615 1596 1369 1437 1916 1706 1754 1572 1685 1188 1916 1726 1511 1461 1469 1194 1154 1202 1203 1812 1670 1010 1740 1763 1894 1246 1103 1669 1835 1327 1596 1388 1311 1273 1229 1633 BCNSPRNW ULIB Ver.6.0+V

เปลี่ยนเป็นภาษาไทย

Change to English
 แสดงรายละเอียดบรรณานุกรม
  กลับหน้าหลัก

Brief Record : Get Marc (ISO 2709) : E-mail record : QR code < ปิดหน้าต่าง
LEADER : 00000nam 2200000uu 4500
001    13399120704
003     ULIB
008    020711s2544 th a 000 0 tha d
020    9789747379112
020    9747379112
050  4 BF1078^bว527ค
100    หลวงวิจิตรวาทการ
245    ความฝัน /^cพลตรี หลวงวิจิตรวาทการ
250    พิมพ์ครั้งที่ 3
260    กรุงเทพฯ :^bสร้างสรรค์,^c2544
300    230 หน้า
650    ทำนายฝัน
945    ^p185^l0^i16574
999    ^aทศพร เกษรทอง
รายการนี้ยังไม่มีแท็ก
คุณยังไม่ได้ล็อกอิน คุณสามารถมีกิจกรรมร่วมกับเว็บไซต์ได้ แต่ต้องล็อกอินก่อน ::
  ล็อกอิน

รายการสื่อสารสนเทศ

ลำดับที่ ประเภท เลขเรียก/บาร์โค้ด สถานที่ สถานะ
1. วิทยาศาสตร์การแพทย์ และสุขภาพ
วิทยาศาสตร์การแพทย์ และสุขภาพ
BF1078 ว527ค ฉ.1 
  Barcode: 16574
ห้องสมุดวิทยาเขตสวรรค์ประชารักษ์
►หนังสือทั่วไป
บนชั้น

รายการใกล้เคียง
    ผู้แต่ง [หลวงวิจิตรวาทการ]

    หัวเรื่อง [ทำนายฝัน]

BibComment


ยังไม่เคยถูกคอมเมนท์

คอมเมนท์ทรัพยากรรายการนี้
  คอมเมนท์: ความฝัน พลตรี หล..


 Copyright 2026. Bcnsprnw @Library